[Event "3rd 4NCL Easter Congress"]
[Site "Mercure Daventry Court Hotel"]
[Date "2023.04.10"]
[Round "6"]
[Board "15"]
[White "Gordon, Sean"]
[Black "McCumiskey, Andrew P"]
[Result "1-0"]
[WhiteElo "1753"]
[BlackElo "2001"]
[PlyCount "63"]
[EventDate "2023.04.07"]
[EventRounds "7"]
[EventCountry "ENG"]

1. Nf3 d5 2. d4 Nf6 3. c4 c6 4. Nc3 g6 5. Bg5 Bg7 6. e3 O-O 7. Qb3 e6 8. Ne5 Qb6
9. Qc2 Nbd7 10. f4 c5 11. O-O-O cxd4 12. exd4 Qa5 13. Kb1 dxc4 14. Bxc4 Nb6 15. g4
Nfd5 16. Bxd5 Nxd5 17. Nxd5 exd5 18. f5 f6 19. Bd2 Qb5 20. Nf3 Bd7 21. fxg6 Bxg4
22. gxh7+ Kh8 23. Nh4 Rf7 24. Ng6+ Kxh7 25. Ne5+ f5 26. Nxf7 Bxd1 27. Rxd1 Bxd4 28.
Qxf5+ Kg8 29. Qg6+ Kf8 30. Bh6+ Ke7 31. Re1+ Kd7 32. Qd6+  1-0

[Event "3rd 4NCL Easter Congress"]
[Site "Mercure Daventry Court Hotel"]
[Date "2023.04.10"]
[Round "6"]
[Board "16"]
[White "Cast, Julian"]
[Black "Baer, Bruce L"]
[Result "1/2-1/2"]
[WhiteElo "1890"]
[BlackElo "1963"]
[PlyCount "44"]
[EventDate "2023.04.07"]
[EventRounds "7"]
[EventCountry "ENG"]

1. d4 f5 2. Nf3 Nf6 3. e3 g6 4. b3 Bg7 5. Bb2 O-O 6. Be2 d5 7. c4 c6 8. cxd5 cxd5
9. O-O Ne4 10. Nc3 Nxc3 11. Bxc3 Nc6 12. Bb5 Bd7 13. Bxc6 Bxc6 14. Ne5 Bxe5 15. dxe5
e6 16. Qd2 g5 17. Rac1 g4 18. f3 Qg5 19. f4 Qh5 20. Qd4 Kh8 21. Rfd1 Rg8 22. Be1
Rg7  1/2-1/2

[Event "3rd 4NCL Easter Congress"]
[Site "Mercure Daventry Court Hotel"]
[Date "2023.04.10"]
[Round "6"]
[Board "17"]
[White "Gibson, Christopher A"]
[Black "Nawalaniec, Adam"]
[Result "0-1"]
[WhiteElo "1841"]
[BlackElo "1812"]
[PlyCount "80"]
[EventDate "2023.04.07"]
[EventRounds "7"]
[EventCountry "ENG"]

1. e4 c5 2. c3 Nc6 3. d4 cxd4 4. cxd4 d5 5. exd5 Qxd5 6. Nf3 Bg4 7. Be2 e6 8. Nc3
Qd7 9. d5 exd5 10. Qxd5 Qxd5 11. Nxd5 O-O-O 12. Nc3 g6 13. O-O Bg7 14. h3 Bf5 15.
Bf4 Bxc3 16. bxc3 Nge7 17. Ne5 Nxe5 18. Bxe5 Rhe8 19. Bc4 Nd5 20. Bd4 Kb8 21. Rfe1
Be6 22. Bb5 Rg8 23. Be2 Rc8 24. Rec1 Ka8 25. c4 Nf4 26. Bf1 Rgd8 27. Be3 Nd3 28.
Bxd3 Rxd3 29. c5 Ra3 30. Rd1 Rxa2 31. Rxa2 Bxa2 32. Ra1 Bd5 33. Rd1 Bc6 34. Rd6 a5
35. Bd2 a4 36. Ba5 Ka7 37. Bb6+ Ka6 38. Rf6 a3 39. Rd6 a2 40. Rd1 Kb5  0-1

[Event "3rd 4NCL Easter Congress"]
[Site "Mercure Daventry Court Hotel"]
[Date "2023.04.10"]
[Round "6"]
[Board "18"]
[White "Mikalajunas, Kajus"]
[Black "Miller, George I"]
[Result "1/2-1/2"]
[WhiteElo "1806"]
[BlackElo "1841"]
[PlyCount "74"]
[EventDate "2023.04.07"]
[EventRounds "7"]
[EventCountry "ENG"]

1. e4 e5 2. Nc3 Nf6 3. f4 d5 4. fxe5 Nxe4 5. Qf3 f5 6. d3 Nxc3 7. bxc3 d4 8. Be2
Nc6 9. Qg3 dxc3 10. Bh5+ Kd7 11. Bf7 Nd4 12. Nf3 Ne6 13. Bxe6+ Kxe6 14. Ng5+ Ke7
15. Ba3+ Ke8 16. Bxf8 Kxf8 17. O-O h6 18. Nh3 g5 19. e6 Qf6 20. Rxf5 Qxf5 21. Rf1
Qxf1+ 22. Kxf1 Bxe6 23. Qxc7 Bxh3 24. gxh3 Re8 25. Qxb7 Re7 26. Qc8+ Re8 27. Qxc3
Rh7 28. Kg2 Re2+ 29. Kf3 Ree7 30. Kg4 Ref7 31. d4 Rf4+ 32. Kg3 Rhf7 33. Qd3 h5 34.
c4 h4+ 35. Kg2 Rf2+ 36. Kg1 Rxa2 37. d5 Ra1+  1/2-1/2

[Event "3rd 4NCL Easter Congress"]
[Site "Mercure Daventry Court Hotel"]
[Date "2023.04.10"]
[Round "6"]
[Board "19"]
[White "Subramanian, Anusha"]
[Black "Gurner, Jem"]
[Result "0-1"]
[WhiteElo "1827"]
[BlackElo "1851"]
[PlyCount "140"]
[EventDate "2023.04.07"]
[EventRounds "7"]
[EventCountry "ENG"]

1. d4 Nf6 2. Bg5 e6 3. e4 h6 4. Bxf6 Qxf6 5. Nf3 d5 6. e5 Qd8 7. Nbd2 c5 8. c3 Qb6
9. Qc2 Bd7 10. a4 cxd4 11. Nxd4 Nc6 12. Nxc6 Bxc6 13. Nf3 a5 14. Nd4 Bc5 15. Rd1
O-O 16. Be2 Rac8 17. O-O Bd7 18. Bb5 Bxd4 19. Bxd7 Rc7 20. Bb5 Bxe5 21. Qe2 Bf6 22.
Qg4 d4 23. cxd4 Rd8 24. Rd2 Rxd4 25. Rxd4 Qxd4 26. Qxd4 Bxd4 27. b3 Rc2 28. g4 g5
29. Kg2 Kg7 30. Bc4 e5 31. Bd5 b6 32. Kg3 Rc3+ 33. f3 Be3 34. Re1 Bf4+ 35. Kf2 Bxh2
36. Bc4 Bf4 37. Re2 f6 38. Re1 Kg6 39. Be6 Kg7 40. Rd1 Be3+ 41. Ke2 Bd4 42. Rd3 Rc2+
43. Rd2 Rc3 44. Rd3 Rc2+ 45. Rd2 Rc5 46. Bc4 h5 47. Kd3 h4 48. Ke4 Kf8 49. Kf5 Ke7
50. Ke4 Rc8 51. Kf5 Rh8 52. Bf1 Rc8 53. Bc4 Rh8 54. Bf1 Be3 55. Rc2 Bf4 56. Bh3 Kd6
57. Ke4 Rb8 58. Bf1 Rh8 59. Bh3 Rd8 60. Rc3 Ke7 61. Rc7+ Ke8 62. Bf1 Rd1 63. Ba6
h3 64. Kf5 h2 65. Ke6 Rd6+ 66. Kxd6 e4+ 67. Ke6 Bxc7 68. Bb5+ Kf8 69. Kxf6 h1=Q 70.
fxe4 Qxe4  0-1

[Event "3rd 4NCL Easter Congress"]
[Site "Mercure Daventry Court Hotel"]
[Date "2023.04.10"]
[Round "6"]
[Board "20"]
[White "Kay, Lee P"]
[Black "Isik, Muhammed Oguz"]
[Result "1-0"]
[WhiteElo "1923"]
[BlackElo "1683"]
[PlyCount "67"]
[EventDate "2023.04.07"]
[EventRounds "7"]
[EventCountry "ENG"]

1. f4 d5 2. Nf3 Bf5 3. g3 Nc6 4. Bg2 Qd7 5. d3 O-O-O 6. c3 f6 7. Qa4 Qe6 8. Nd4 Nxd4
9. Qxd4 b6 10. b4 Qd6 11. O-O c6 12. a4 Nh6 13. a5 Kb7 14. axb6 axb6 15. Be3 Qc7
16. b5 Ng4 17. Qa4 cxb5 18. Qa6+ Kc6 19. Bd4 e5 20. fxe5 fxe5 21. Rxf5 exd4 22. c4
Ne3 23. Qxb5+ Kd6 24. Rg5 Qc5 25. Qb2 Be7 26. Rxg7 dxc4 27. Nd2 Ke5 28. Ra7 Bf6 29.
Rgc7 c3 30. Rxc5+ bxc5 31. Nf3+ Kf5 32. Qb7 Rde8 33. Bh3+ Kg6 34. Qf7+  1-0

[Event "3rd 4NCL Easter Congress"]
[Site "Mercure Daventry Court Hotel"]
[Date "2023.04.10"]
[Round "6"]
[Board "21"]
[White "Dicen, Elis Denele"]
[Black "Vijayakumar, Rishi"]
[Result "1/2-1/2"]
[WhiteElo "1872"]
[BlackElo "1846"]
[PlyCount "107"]
[EventDate "2023.04.07"]
[EventRounds "7"]
[EventCountry "ENG"]

1. d4 Nf6 2. c4 e6 3. Nc3 Bb4 4. e3 O-O 5. Bd2 d5 6. Nf3 c5 7. a3 Bxc3 8. Bxc3 Nbd7
9. Bd3 cxd4 10. Bxd4 Qc7 11. cxd5 Qa5+ 12. Bc3 Qxd5 13. Qe2 b6 14. Rd1 Qh5 15. Bb5
Nc5 16. Bxf6 gxf6 17. O-O Bb7 18. Nd4 Qxe2 19. Bxe2 Rfd8 20. Bf3 Rac8 21. Bxb7 Nxb7
22. g3 Nd6 23. Rc1 Kf8 24. Nc6 Rd7 25. Rfd1 Ke8 26. Nd4 Rcd8 27. Nc6 Rc8 28. Kg2
Nf5 29. Nb4 Rxc1 30. Rxc1 Rd2 31. Kf3 a5 32. Rc2 Rxc2 33. Nxc2 Nd6 34. Ke2 Kd7 35.
Kd3 f5 36. f3 e5 37. b3 Kc6 38. Kc3 Kd5 39. a4 b5 40. Ne1 b4+ 41. Kd2 e4 42. f4 Ne8
43. Nc2 Nd6 44. Nd4 h6 45. h3 h5 46. Kc2 Kc5 47. Kd1 Kd5 48. Ke2 Kc5 49. h4 Kd5 50.
Kd2 Kc5 51. Kc2 Kd5 52. Kd2 Kc5 53. Kc2 Kd5 54. Kd2  1/2-1/2

[Event "3rd 4NCL Easter Congress"]
[Site "Mercure Daventry Court Hotel"]
[Date "2023.04.10"]
[Round "6"]
[Board "22"]
[White "Moyse, Nigel J"]
[Black "Guha, Chirag"]
[Result "0-1"]
[WhiteElo "1968"]
[BlackElo "1725"]
[PlyCount "74"]
[EventDate "2023.04.07"]
[EventRounds "7"]
[EventCountry "ENG"]

1. e4 e5 2. Nf3 Nc6 3. d4 exd4 4. Bc4 Nf6 5. e5 d5 6. Bb5 Ne4 7. Nxd4 Bd7 8. Bxc6
bxc6 9. O-O Bc5 10. f3 Ng5 11. f4 Ne4 12. Be3 Bb6 13. Nd2 Nxd2 14. Qxd2 c5 15. Nb3
d4 16. Bf2 Bc6 17. Kh1 Qd5 18. Rg1 h5 19. Rad1 h4 20. h3 O-O-O 21. Na5 Ba8 22. b3
g5 23. fxg5 Bxa5 24. Qxa5 Rdg8 25. Qa6+ Bb7 26. Qf6 Qd7 27. Kh2 Rh5 28. Rd2 Rg6 29.
Qf4 Rhxg5 30. g4 hxg3+ 31. Rxg3 Qd5 32. Rxg5 Qg2+ 33. Rxg2 Rxg2+ 34. Kh1 Rxf2+ 35.
Kg1 Rxf4 36. Rf2 Rxf2 37. Kxf2 Be4  0-1

[Event "3rd 4NCL Easter Congress"]
[Site "Mercure Daventry Court Hotel"]
[Date "2023.04.10"]
[Round "6"]
[Board "23"]
[White "Ali, Golam S"]
[Black "Ireland, David J"]
[Result "1/2-1/2"]
[WhiteElo "1781"]
[BlackElo "1932"]
[PlyCount "88"]
[EventDate "2023.04.07"]
[EventRounds "7"]
[EventCountry "ENG"]

1. d4 g6 2. e4 c5 3. d5 Bg7 4. Nf3 d6 5. Nc3 Na6 6. Be2 Nf6 7. h3 Nc7 8. Bg5 h6 9.
Be3 O-O 10. Qd2 Kh7 11. g4 Nd7 12. O-O-O b5 13. Rdg1 b4 14. Nd1 a5 15. h4 Ba6 16.
Bxa6 Nxa6 17. h5 Ne5 18. Nxe5 Bxe5 19. hxg6+ fxg6 20. Bxh6 Kg8 21. f4 Bd4 22. f5
Bxg1 23. Bxf8 Qxf8 24. Rxg1 Qg7 25. g5 Rf8 26. Ne3 c4 27. f6 exf6 28. gxf6 Qxf6 29.
Qg2 Kh7 30. Nxc4 Nc5 31. e5 dxe5 32. Nxe5 Qf4+ 33. Kd1 Rf6 34. Nxg6 Qd4+ 35. Kc1
Nd3+ 36. cxd3 Qe3+ 37. Kb1 Qxd3+ 38. Ka1 Rxg6 39. Qh2+ Kg7 40. Rxg6+ Kxg6 41. Qd6+
Kg5 42. Qe7+ Kf4 43. Qf6+ Kg4 44. Qe6+ Kf4  1/2-1/2

[Event "3rd 4NCL Easter Congress"]
[Site "Mercure Daventry Court Hotel"]
[Date "2023.04.10"]
[Round "6"]
[Board "24"]
[White "Moss, Jack O"]
[Black "Turner, Lewis A"]
[Result "1/2-1/2"]
[WhiteElo "1814"]
[BlackElo "1825"]
[PlyCount "103"]
[EventDate "2023.04.07"]
[EventRounds "7"]
[EventCountry "ENG"]

1. d4 f5 2. Nf3 Nf6 3. g3 g6 4. Bg2 Bg7 5. O-O O-O 6. b3 d6 7. Bb2 Ne4 8. Nbd2 Nc6
9. Ne1 Nxd2 10. Qxd2 e5 11. Bd5+ Kh8 12. Bxc6 bxc6 13. dxe5 dxe5 14. Nd3 f4 15. Qa5
Bh3 16. Rfd1 fxg3 17. hxg3 Rf5 18. Nf4 Qg5 19. Nxh3 Qg4 20. Qa4 Qxh3 21. Qh4 Qxh4
22. gxh4 Raf8 23. f3 Bh6 24. Rd7 Be3+ 25. Kg2 g5 26. Rd3 Bd4 27. Bxd4 exd4 28. Rxd4
gxh4 29. Rxh4 Rd5 30. Rah1 Rf7 31. Rc4 Re7 32. Kf2 Rd2 33. Re1 Re6 34. f4 Kg7 35.
Kf3 h5 36. e4 Rg6 37. e5 h4 38. e6 Rg3+ 39. Ke4 Kf6 40. Re3 Kxe6 41. Rxg3 hxg3 42.
Rxc6+ Kd7 43. Rg6 Rxc2 44. Rxg3 Rxa2 45. Rf3 Ke6 46. f5+ Kf6 47. Kd5 Rc2 48. b4 c6+
49. Kd4 Rc1 50. Rf2 Rd1+ 51. Kc5 Rc1+ 52. Kd4  1/2-1/2

[Event "3rd 4NCL Easter Congress"]
[Site "Mercure Daventry Court Hotel"]
[Date "2023.04.10"]
[Round "6"]
[Board "25"]
[White "Headlong, Georgia"]
[Black "Gardiner, Eric D"]
[Result "1/2-1/2"]
[WhiteElo "1694"]
[BlackElo "1860"]
[PlyCount "122"]
[EventDate "2023.04.07"]
[EventRounds "7"]
[EventCountry "ENG"]

1. e4 c6 2. Nc3 d5 3. Nf3 dxe4 4. Nxe4 Nf6 5. Nxf6+ exf6 6. d4 Bd6 7. Bd3 O-O 8.
O-O Bg4 9. h3 Bh5 10. Be3 Nd7 11. Be4 Re8 12. Qd3 Bg6 13. Bxg6 hxg6 14. Rad1 Qc7
15. Rfe1 Nf8 16. Nd2 Ne6 17. Nc4 Bf4 18. Bxf4 Nxf4 19. Qf3 Re6 20. Re4 Nd5 21. Rde1
Rae8 22. c3 Qd7 23. Kf1 Kf8 24. Nd2 f5 25. Rxe6 Rxe6 26. Rxe6 Qxe6 27. Qg3 f4 28.
Qg4 Ke7 29. Qxe6+ fxe6 30. Ne4 Nf6 31. Nc5 b6 32. Nd3 g5 33. Ne5 c5 34. dxc5 bxc5
35. Nc6+ Kd6 36. Nxa7 g4 37. Ke2 f3+ 38. Kf1 fxg2+ 39. Kxg2 gxh3+ 40. Kxh3 Ne4 41.
Kg2 Nd2 42. Nb5+ Kd5 43. b3 Ke4 44. Kg3 Kd3 45. Kg4 e5 46. Kf5 e4 47. Nd6 e3 48.
fxe3 Kxe3 49. Kg6 Kd3 50. b4 cxb4 51. cxb4 Kd4 52. a4 Kd5 53. Nc8 Nc4 54. Kxg7 Nb2
55. a5 Kc6 56. Kf7 Nd3 57. a6 Nxb4 58. a7 Kb7 59. Ke6 Nc6 60. Kd6 Nxa7 61. Nxa7 Kxa7
 1/2-1/2

[Event "3rd 4NCL Easter Congress"]
[Site "Mercure Daventry Court Hotel"]
[Date "2023.04.10"]
[Round "6"]
[Board "26"]
[White "Hertog, Alexander"]
[Black "Estevez Fernandez, Josue"]
[Result "1/2-1/2"]
[WhiteElo "1585"]
[BlackElo "1832"]
[PlyCount "67"]
[EventDate "2023.04.07"]
[EventRounds "7"]
[EventCountry "ENG"]

1. d4 d5 2. c4 e6 3. Nf3 Nf6 4. g3 Be7 5. Bg2 O-O 6. O-O c6 7. Nbd2 b6 8. b3 Nbd7
9. Bb2 Bb7 10. Ne5 Nxe5 11. dxe5 Nd7 12. cxd5 cxd5 13. e4 Nc5 14. exd5 Bxd5 15. Qe2
Bxg2 16. Kxg2 Qd5+ 17. Kg1 Rfd8 18. Rfd1 Qd3 19. Qxd3 Rxd3 20. Nc4 Rad8 21. Rxd3
Nxd3 22. Rd1 Nxb2 23. Rxd8+ Bxd8 24. Nxb2 f6 25. exf6 gxf6 26. f3 Kg7 27. Kf2 Bc7
28. a4 h5 29. Nd3 h4 30. Nb4 hxg3+ 31. hxg3 Kf7 32. g4 Ke8 33. Ke3 Bd6 34. Nc6  1/2-1/2

[Event "3rd 4NCL Easter Congress"]
[Site "Mercure Daventry Court Hotel"]
[Date "2023.04.10"]
[Round "6"]
[Board "27"]
[White "Briggs, John Nicholas"]
[Black "Gibbon, Eric"]
[Result "1-0"]
[WhiteElo "1994"]
[BlackElo "1847"]
[PlyCount "47"]
[EventDate "2023.04.07"]
[EventRounds "7"]
[EventCountry "ENG"]

1. Nf3 d6 2. e4 Nf6 3. Nc3 c6 4. d4 Qa5 5. Bd2 Qc7 6. a4 e5 7. h3 Be7 8. dxe5 dxe5
9. Bc4 h6 10. Nh4 g6 11. Qf3 g5 12. Nf5 Bxf5 13. Qxf5 Nbd7 14. Be3 Rh7 15. a5 Nf8
16. g3 Ng6 17. O-O Kf8 18. Rfd1 Qc8 19. Kg2 a6 20. Na4 Qxf5 21. exf5 Nh8 22. f3 Nd7
23. Rxd7 Ke8 24. Bc1  1-0

[Event "3rd 4NCL Easter Congress"]
[Site "Mercure Daventry Court Hotel"]
[Date "2023.04.10"]
[Round "6"]
[Board "28"]
[White "Pyda, Arjun"]
[Black "Boggarapu, Kritan"]
[Result "1/2-1/2"]
[WhiteElo "1692"]
[BlackElo "1972"]
[PlyCount "178"]
[EventDate "2023.04.07"]
[EventRounds "7"]
[EventCountry "ENG"]

1. e4 e6 2. d4 d5 3. exd5 exd5 4. c4 c6 5. Nc3 Nf6 6. Bd3 dxc4 7. Bxc4 Bd6 8. Nge2
O-O 9. h3 b5 10. Bd3 Re8 11. Bg5 Nbd7 12. O-O h6 13. Bd2 Nb6 14. Qc2 Bb7 15. a4 b4
16. Ne4 Nxe4 17. Bxe4 Nd5 18. Ng3 Bxg3 19. fxg3 Qb6 20. Bxd5 Qxd4+ 21. Kh2 Qxd5 22.
Bxb4 Re4 23. Bc3 Rae8 24. Rf2 Ba6 25. Rd1 Qe6 26. Rdd2 Bc4 27. a5 Bd5 28. Qd3 f5
29. Rf4 Re3 30. Qxf5 Qxf5 31. Rxf5 Re2 32. Rf2 R2e4 33. Bd4 a6 34. Bc5 R4e5 35. b4
Re4 36. g4 Re1 37. Kg3 g5 38. Rf6 R8e6 39. Rf8+ Kg7 40. Rdf2 R6e2 41. Bd4+ Kg6 42.
R2f6+ Kh7 43. Rf2 Rxf2 44. Rxf2 Rd1 45. Bc5 Rd3+ 46. Kh2 Rd1 47. Re2 Bc4 48. Rc2
Bb5 49. Kg3 Re1 50. Kf3 Re6 51. Rd2 Kg6 52. Rd8 Bc4 53. Bd4 Bb5 54. Be3 Re7 55. Rd6+
Kg7 56. Bd2 Bc4 57. h4 Bd5+ 58. Kf2 Re6 59. Rd7+ Kg8 60. hxg5 hxg5 61. Bxg5 Rg6 62.
Bf4 Rxg4 63. g3 Rg7 64. Rd8+ Kh7 65. Ke3 Bc4 66. Kd4 Bb5 67. Rd6 Rf7 68. Kc5 Rb7
69. Rd8 Kg6 70. Rd6+ Kf5 71. Rd8 Ba4 72. Ra8 Bb5 73. Rf8+ Kg4 74. Bd6 Rg7 75. Rc8
Rg5+ 76. Kb6 Rd5 77. Rg8+ Kf3 78. Bc5 Re5 79. g4 Re6 80. g5 Kg4 81. g6 Bc4 82. g7
Rg6 83. Rc8 Rxg7 84. Rxc6 Bb5 85. Rc8 Rg6+ 86. Kb7 Bd3 87. Rd8 Rg7+ 88. Kc6 Bb5+
89. Kd5 Rd7+  1/2-1/2

[Event "3rd 4NCL Easter Congress"]
[Site "Mercure Daventry Court Hotel"]
[Date "2023.04.10"]
[Round "7"]
[Board "2"]
[White "Shearsby, Jude"]
[Black "Arkell, Keith C"]
[Result "0-1"]
[WhiteElo "2041"]
[BlackElo "2392"]
[PlyCount "108"]
[EventDate "2023.04.07"]
[EventRounds "7"]
[EventCountry "ENG"]

1. e4 e6 2. d4 d5 3. Nc3 dxe4 4. Nxe4 Bd7 5. Nf3 Bc6 6. Bd3 Nd7 7. O-O Ngf6 8. Ng3
Be7 9. c3 O-O 10. Re1 Bxf3 11. Qxf3 c6 12. h3 Re8 13. Nf1 Qc7 14. Ne3 c5 15. dxc5
Nxc5 16. Bc2 Rad8 17. Nc4 Nd5 18. Ne5 Bd6 19. Nd3 Nxd3 20. Bxd3 Bh2+ 21. Kh1 Bf4
22. Bxf4 Qxf4 23. Qxf4 Nxf4 24. Bb5 Rf8 25. Rad1 g5 26. Kh2 a6 27. Bf1 b5 28. g3
Nd5 29. Rd2 Nb6 30. Red1 Rxd2 31. Rxd2 Rb8 32. b3 Kg7 33. Rd6 Kf6 34. c4 bxc4 35.
bxc4 a5 36. c5 Nd5 37. Bc4 Nc3 38. Rd3 Ne4 39. c6 Rb6 40. f3 Rxc6 41. Bb3 Rd6 42.
Rxd6 Nxd6 43. Kg2 Ke5 44. Kf2 Kd4 45. Ke2 Nf5 46. g4 Ne7 47. Ba4 Nd5 48. Kf2 Nb4
49. a3 Nd3+ 50. Kg3 Ke3 51. Bc2 h6 52. Bb1 Kd2 53. h4 Kc3 54. h5 Nf4  0-1

[Event "3rd 4NCL Easter Congress"]
[Site "Mercure Daventry Court Hotel"]
[Date "2023.04.10"]
[Round "7"]
[Board "3"]
[White "Turner, Max N"]
[Black "Yoon, Jacob D"]
[Result "1/2-1/2"]
[WhiteElo "2264"]
[BlackElo "2050"]
[PlyCount "33"]
[EventDate "2023.04.07"]
[EventRounds "7"]
[EventCountry "ENG"]

1. e4 e6 2. d4 d5 3. Nd2 Be7 4. Ngf3 Nf6 5. Bd3 c5 6. exd5 exd5 7. dxc5 O-O 8. O-O
Bxc5 9. Nb3 Bb6 10. Bf4 Bg4 11. c3 Nc6 12. Bc2 Ne4 13. Bxe4 dxe4 14. Qxd8 Raxd8 15.
Ne5 Nxe5 16. Bxe5 Be6 17. Rfd1  1/2-1/2

[Event "3rd 4NCL Easter Congress"]
[Site "Mercure Daventry Court Hotel"]
[Date "2023.04.10"]
[Round "7"]
[Board "4"]
[White "Okhai, Shabir"]
[Black "Fava, Lorenzo"]
[Result "1-0"]
[WhiteElo "2127"]
[BlackElo "2107"]
[PlyCount "77"]
[EventDate "2023.04.07"]
[EventRounds "7"]
[EventCountry "ENG"]

1. e4 g6 2. d4 Bg7 3. Nf3 d6 4. Be3 Nf6 5. Nc3 O-O 6. Qd2 c6 7. Bh6 d5 8. Bxg7 Kxg7
9. e5 Ne4 10. Nxe4 dxe4 11. Ng5 Bf5 12. h4 f6 13. exf6+ exf6 14. Nh3 Qb6 15. O-O-O
Na6 16. h5 g5 17. Nxg5 fxg5 18. Qxg5+ Kh8 19. g4 Qd8 20. Qxd8 Raxd8 21. gxf5 Rxf5
22. Bxa6 bxa6 23. Rh4 Rxf2 24. Rxe4 Kg7 25. c3 Rd5 26. h6+ Kf6 27. Rde1 Rh5 28. Re6+
Kf7 29. Re7+ Kf8 30. Rxh7 Rhh2 31. Rb7 Rxh6 32. Rxa7 Rhh2 33. Rb7 a5 34. a4 Rh5 35.
Kb1 Rff5 36. Re6 c5 37. Rc6 Kg8 38. Rc8+ Rf8 39. Rxc5  1-0

[Event "3rd 4NCL Easter Congress"]
[Site "Mercure Daventry Court Hotel"]
[Date "2023.04.10"]
[Round "7"]
[Board "5"]
[White "Verma, Aditya"]
[Black "Zakarian, Dimitrios Levon"]
[Result "1/2-1/2"]
[WhiteElo "2149"]
[BlackElo "1977"]
[PlyCount "59"]
[EventDate "2023.04.07"]
[EventRounds "7"]
[EventCountry "ENG"]

1. e4 c5 2. Nf3 e6 3. d4 cxd4 4. Nxd4 a6 5. Bd3 Qc7 6. O-O d6 7. Qe2 Nf6 8. c4 Nbd7
9. Nc3 Be7 10. b3 b6 11. Bb2 Bb7 12. Rac1 O-O 13. Bb1 Rfe8 14. Rfd1 Rac8 15. h3 Qb8
16. Rd3 d5 17. cxd5 exd5 18. exd5 Ba3 19. Qc2 Bxb2 20. Qxb2 Bxd5 21. Nxd5 Rxc1+ 22.
Qxc1 Nxd5 23. Rd1 N7f6 24. Bd3 a5 25. Nf5 g6 26. Bc4 Qe5 27. Nh6+ Kg7 28. Bxd5 Nxd5
29. Ng4 Nf4 30. Nxe5  1/2-1/2

[Event "3rd 4NCL Easter Congress"]
[Site "Mercure Daventry Court Hotel"]
[Date "2023.04.10"]
[Round "7"]
[Board "6"]
[White "Valdepenas Octavio, Javier"]
[Black "Villiers, Thomas"]
[Result "1-0"]
[WhiteElo "2210"]
[BlackElo "2160"]
[PlyCount "105"]
[EventDate "2023.04.07"]
[EventRounds "7"]
[EventCountry "ENG"]

1. e4 e6 2. d4 d5 3. Nd2 Nf6 4. e5 Nfd7 5. Bd3 c5 6. c3 Nc6 7. Ne2 Qb6 8. Nf3 cxd4
9. cxd4 Bb4+ 10. Bd2 Bxd2+ 11. Qxd2 Qb4 12. a3 Qxd2+ 13. Kxd2 f6 14. exf6 Nxf6 15.
Rhc1 Bd7 16. b4 a6 17. h3 O-O 18. Ke3 Rfc8 19. Rc3 Nd8 20. Rac1 Nf7 21. Ne5 Nxe5
22. dxe5 Rxc3 23. Rxc3 Ne8 24. f4 Kf7 25. Kd4 b6 26. Bxh7 a5 27. bxa5 Rxa5 28. Bd3
Bb5 29. Bxb5 Rxb5 30. Ng1 Rb2 31. g4 Ke7 32. f5 b5 33. Kc5 Kd7 34. Nf3 b4 35. axb4
Nc7 36. f6 gxf6 37. exf6 Na6+ 38. Kb6 Nxb4 39. Ne5+ Kd6 40. Nf7+ Kd7 41. Rc7+ Ke8
42. Nd6+ Kd8 43. Nf7+ Ke8 44. Re7+ Kf8 45. Nd6 Kg8 46. Re8+ Kh7 47. f7 Nd3+ 48. Kc7
Rc2+ 49. Kd8 Rf2 50. Nf5 exf5 51. f8=Q fxg4 52. Re7+ Kg6 53. Rg7+  1-0

[Event "3rd 4NCL Easter Congress"]
[Site "Mercure Daventry Court Hotel"]
[Date "2023.04.10"]
[Round "7"]
[Board "7"]
[White "Burrows, Martin P"]
[Black "Chan, Sheng Liang Bernard"]
[Result "1-0"]
[WhiteElo "2121"]
[BlackElo "2043"]
[PlyCount "79"]
[EventDate "2023.04.07"]
[EventRounds "7"]
[EventCountry "ENG"]

1. e4 d5 2. exd5 Qxd5 3. Nc3 Qd8 4. d4 Nf6 5. Nf3 g6 6. Bf4 Bg7 7. Qd2 O-O 8. O-O-O
Nd5 9. Bh6 Nxc3 10. Bxg7 Nxa2+ 11. Kb1 Kxg7 12. Bc4 Qd6 13. Bxa2 Bg4 14. Qc3 Nd7
15. Rd3 Bxf3 16. Rxf3 Nf6 17. h4 Rad8 18. h5 Qxd4 19. Qe1 Qd2 20. Qg1 Rd6 21. Bc4
Rfd8 22. Qh2 g5 23. h6+ Kf8 24. Qe5 Qd4 25. Qe2 b5 26. Bxb5 Re6 27. Re3 Rxe3 28.
fxe3 Qe5 29. Bc4 Ne4 30. Rd1 Rxd1+ 31. Qxd1 Qd6 32. Qg4 Nd2+ 33. Kc1 e5 34. Be2 e4
35. Qxg5 c6 36. Qg7+ Ke7 37. Qc3 Qxh6 38. Kxd2 Qg6 39. g4 Qd6+ 40. Qd4  1-0

[Event "3rd 4NCL Easter Congress"]
[Site "Mercure Daventry Court Hotel"]
[Date "2023.04.10"]
[Round "7"]
[Board "8"]
[White "Mason, Donald J"]
[Black "Dignam, Matthew P"]
[Result "1/2-1/2"]
[WhiteElo "2067"]
[BlackElo "2057"]
[PlyCount "68"]
[EventDate "2023.04.07"]
[EventRounds "7"]
[EventCountry "ENG"]

1. e4 e6 2. d4 d5 3. e5 c5 4. c3 Nc6 5. Nf3 Qb6 6. Bd3 cxd4 7. cxd4 Bd7 8. O-O Nxd4
9. Nbd2 Bc5 10. Nxd4 Bxd4 11. Nf3 Bc5 12. b4 Qxb4 13. Rb1 Qa4 14. Qxa4 Bxa4 15. Rxb7
Bb6 16. Ng5 Nh6 17. Ba3 Bd8 18. h4 a6 19. Rc1 Bd7 20. g3 Be7 21. Rcc7 Bxa3 22. Rxd7
O-O 23. Bxh7+ Kh8 24. Bd3 Ng4 25. Rxf7 Nxe5 26. Rxg7 Rf6 27. Rh7+ Kg8 28. Rbg7+ Kf8
29. Ra7 Rxa7 30. Rxa7 Nf3+ 31. Kg2 Nxg5 32. hxg5 Rxf2+ 33. Kxf2 Bc5+ 34. Kf3 Bb6
 1/2-1/2

[Event "3rd 4NCL Easter Congress"]
[Site "Mercure Daventry Court Hotel"]
[Date "2023.04.10"]
[Round "7"]
[Board "9"]
[White "Nawalaniec, Adam"]
[Black "Dilley, Jason M"]
[Result "1-0"]
[WhiteElo "1812"]
[BlackElo "2090"]
[PlyCount "111"]
[EventDate "2023.04.07"]
[EventRounds "7"]
[EventCountry "ENG"]

1. e4 g6 2. d4 Bg7 3. Be3 d6 4. Nc3 c6 5. Bd3 Qc7 6. h3 b5 7. Nf3 a6 8. O-O Nd7 9.
a4 b4 10. Na2 a5 11. c3 bxc3 12. Nxc3 Ngf6 13. Qd2 O-O 14. Rac1 Qb7 15. Bh6 e5 16.
dxe5 Nxe5 17. Nxe5 dxe5 18. Be3 Be6 19. f3 Rfd8 20. Qe2 Nh5 21. Rfd1 Qb4 22. Qf2
Bf8 23. Bf1 Bb3 24. Rxd8 Rxd8 25. Kh2 Nf4 26. g3 Ne6 27. Nb1 Rd1 28. Bd2 Qd4 29.
Qxd4 Nxd4 30. Rxd1 Bxd1 31. Bxa5 Nxf3+ 32. Kg2 Ng5 33. Nc3 Bf3+ 34. Kf2 Bc5+ 35.
Ke1 Nxe4 36. Nxe4 Bxe4 37. Bc3 f6 38. b4 Ba7 39. Bc4+ Kf8 40. Bd2 Bf3 41. Bh6+ Ke7
42. Bg8 g5 43. Bxh7 e4 44. h4 Bd4 45. hxg5 Bc3+ 46. Kf2 Bxb4 47. g6 Bd1 48. g7 Bb3
49. g8=Q Bxg8 50. Bxg8 f5 51. Ke2 Kd7 52. Bd2 Bd6 53. Bf4 Bb4 54. Bc4 Ba5 55. Be5
Bb4 56. Ke3  1-0

[Event "3rd 4NCL Easter Congress"]
[Site "Mercure Daventry Court Hotel"]
[Date "2023.04.10"]
[Round "7"]
[Board "10"]
[White "Walker, Martin G"]
[Black "Verma, Shlok"]
[Result "1-0"]
[WhiteElo "2083"]
[BlackElo "1950"]
[PlyCount "61"]
[EventDate "2023.04.07"]
[EventRounds "7"]
[EventCountry "ENG"]

1. e4 e6 2. d4 d5 3. Nd2 dxe4 4. Nxe4 Nd7 5. Nf3 Ngf6 6. Nxf6+ Nxf6 7. Bd3 Be7 8.
O-O O-O 9. Ne5 c5 10. c3 cxd4 11. cxd4 Bd7 12. Qf3 Ba4 13. Be3 Qd5 14. Qe2 Rac8 15.
Bc4 Qd6 16. b3 Bc6 17. Rad1 Be4 18. Bf4 Qd8 19. Bc1 Bg6 20. Nxg6 hxg6 21. Bb2 Nd5
22. Rfe1 Bb4 23. Rf1 Bc3 24. Ba3 Nb4 25. Bxb4 Bxb4 26. d5 exd5 27. Rxd5 Qf6 28. Rd7
Rce8 29. Rxf7 Qxf7 30. Bxf7+ Kxf7 31. Qc4+  1-0